000
00264nam a22001217a 4500
008
181023b xxu||||| |||| 00| 0 eng d
041
_a
eng
080
_2
11 ED
_a
510
100
_a
37
101
_a
MAT
245
_a
Mathematical Ideas
_c
Johny.p
942
_2
udc
_c
BK
999
_c
50752
_d
50752